00500nam a2200193 a 4500001001300000003000900013005001700022008004100039020000900080082002200089100001900111245003800130260004000168300000800208500003500216505001100251650002500262700001900287nice12345678IN_TiNIC20260116011827.0050524s1944 hyda grp 000 0 urd  ac2000a306.0899145bSHA1 aSham, Sunder B aRiyasat Hyderabad Aur Past Aqwam. aHyderabadbOsmania Universityc1944 a53p aincludes index and biblioraphy2 aThesis aCaste-India-Himalaya1 aSham, Sunder B